Countries that pass through circle of latitudes - Statistics

General Stats
  • This quiz has been taken 28 times
  • The average score is 36 of 46
Answer Stats
Circle of latitude Country % Correct
Arctic Circle Canada
100%
Arctic Circle Finland
100%
Equator Indonesia
100%
Arctic Circle Norway
100%
Arctic Circle Russia
100%
Arctic Circle Sweden
100%
Arctic Circle United States
100%
Equator Brazil
96%
Tropic of Capricorn Brazil
96%
Equator Democratic Republic of the Congo
93%
Equator Ecuador
93%
Equator Kenya
93%
Tropic of Capricorn Australia
89%
Arctic Circle Denmark (Greenland)
89%
Equator Gabon
89%
Arctic Circle Iceland
89%
Tropic of Cancer India
89%
Equator Republic of the Congo
89%
Equator Colombia
85%
Tropic of Cancer Egypt
85%
Tropic of Capricorn Mozambique
85%
Tropic of Cancer Algeria
81%
Tropic of Capricorn Argentina
81%
Tropic of Capricorn Chile
81%
Tropic of Cancer Libya
81%
Tropic of Capricorn South Africa
81%
Equator Uganda
81%
Tropic of Cancer Mali
78%
Tropic of Cancer Morocco (Western Sahara)
78%
Tropic of Capricorn Namibia
78%
Tropic of Cancer Saudi Arabia
78%
Tropic of Cancer China
74%
Tropic of Cancer Mexico
74%
Equator Somalia
74%
Tropic of Capricorn Botswana
63%
Tropic of Cancer Mauritania
63%
Tropic of Cancer Myanmar
63%
Tropic of Cancer Niger
63%
Tropic of Capricorn Madagascar
59%
Tropic of Cancer Oman
56%
Tropic of Capricorn Paraguay
56%
Tropic of Cancer United Arab Emirates
52%
Tropic of Cancer Bangladesh
48%
Tropic of Cancer Taiwan
44%
Equator São Tomé and Príncipe
41%
Tropic of Cancer Bahamas
33%
No matching quizzes found
Score Distribution
Percent of People with Each Score
Percentile by Number Answered
Your Score History
You have not taken this quiz